01698 2200769 4500001002100000005001500021035002000036245007500056100001800131300002800149260004800177082001100225084001700236020002200253008004100275990001200316990001200328990001200340990001200352990001200364990001200376990001200388990001200400990001200412990001200424990001200436990001200448990001200460990001200472990001200484990001200496990001200508990001200520990001200532990001200544990001200556990001200568990001200580990001200592990001200604990001200616990001200628990001200640990001200652990001200664990001200676990001200688990001200700990001200712990001200724990001200736990001200748990001200760990001200772990001200784990001200796990001200808990001200820990001200832990001200844990001200856990001200868990001200880990001200892990001200904990001200916INLIS00000000000313820251022021428 a0010-10250000421 aKoding dan Kecerdasan Artifisial SMA/ MA/ MAK Kelas X /cNadya Dewi R.0 aNadya Dewi R. a232 hlm ;c17,5 x 25 cm aMagelang :bPT. Lini Suara Nusantara,c2025 a005.15 a005.15 NAD k a978-623-159-345-0251022 0  a0755926 a0755927 a0755928 a0755929 a0755930 a0755931 a0755932 a0755933 a0755934 a0755935 a0755936 a0755937 a0755938 a0755939 a0755940 a0755941 a0755942 a0755943 a0755944 a0755945 a0755946 a0755947 a0755948 a0755949 a0755950 a0755951 a0755952 a0755953 a0755954 a0755955 a0755956 a0755957 a0755958 a0755959 a0755960 a0755961 a0755962 a0755963 a0755964 a0755965 a0755966 a0755967 a0755968 a0755969 a0755970 a0755971 a0755972 a0755973 a0755974 a0755975 a0755976